000 00715nam a2200253Ia 4500
003 OSt
005 20220918184451.0
006 a|||||r|||| 00| 0
007 ta
008 220917b |||||||| |||| 00| 0 eng d
024 _a46,720
037 _cTextual
040 _aARTS
_cARTS
_beng
041 _2eng
_aeng
082 _aPz7, K6 (P)
100 _aMcIntosh Angus
_965800
245 0 _aPatterns of language
_b papers in general , descriptive and applied linguistics
260 _c1966
490 _aLongmans' linguistics library
650 _aLINGUISTICS
700 _a Halliday M A K
_914133
942 _hPz7, K6 (P)
_cTEXL
_2CC
999 _c176615
_d176615